Trustees for Coylumbridge Highland Lodges Club v Assessor for Highland and Western Isles Valuation Joint Board (Record no. 82430)
[ view plain ]
| 000 -LEADER | |
|---|---|
| fixed length control field | 01302cad a22002055a 4500 |
| 001 - CONTROL NUMBER | |
| control field | E150245 |
| 008 - FIXED-LENGTH DATA ELEMENTS--GENERAL INFORMATION | |
| fixed length control field | 100616e20100211xxk v 000 0 eng d |
| 035 ## - SYSTEM CONTROL NUMBER | |
| System control number | (Sirsi) u150245 |
| 041 0# - LANGUAGE CODE | |
| Language code of text/sound track or separate title | eng |
| 245 00 - TITLE STATEMENT | |
| Title | Trustees for Coylumbridge Highland Lodges Club v Assessor for Highland and Western Isles Valuation Joint Board |
| Remainder of title | opinion |
| Medium | [electronic resource] |
| 260 ## - PUBLICATION, DISTRIBUTION, ETC. | |
| Date of publication, distribution, etc. | 2010 |
| 520 ## - SUMMARY, ETC. | |
| Summary, etc. | LTS/VA/2009/01-61 11 February 2010. Concerned the valuation of 61 timeshare units at Coylumbridge. The case is an appeal against the Assessor's valuation, with the appellants suggesting that the properties should be valued under the scheme applicable to self-catering accommodation, and the Assessor suggesting that they should be valued under a scheme based on dwellinghouse rental evidence. "Held: appeals dismissed. |
| 650 24 - SUBJECT ADDED ENTRY--TOPICAL TERM | |
| Topical term or geographic name entry element | TRUSTEES FOR COYLUMBRIDGE HIGHLAND LODGES CLUB V ASSESSOR FOR HIGHLAND AND WESTERN ISLES VALUATION JOINT BOARD |
| 650 24 - SUBJECT ADDED ENTRY--TOPICAL TERM | |
| Topical term or geographic name entry element | LOCAL GOVERNMENT FINANCE ACT 1992 |
| 650 24 - SUBJECT ADDED ENTRY--TOPICAL TERM | |
| Topical term or geographic name entry element | COUNCIL TAX (DWELLINGS) (SCOTLAND) REGULATIONS 1993 |
| 651 #4 - SUBJECT ADDED ENTRY--GEOGRAPHIC NAME | |
| Geographic name | Scotland |
| Chronological subdivision | 1999- |
| 690 ## - LOCAL SUBJECT ADDED ENTRY--TOPICAL TERM (OCLC, RLIN) | |
| Topical term or geographic name as entry element | Planning and development |
| 9 (RLIN) | 6259 |
| 856 40 - ELECTRONIC LOCATION AND ACCESS | |
| Uniform Resource Identifier | <a href="https://www.lands-tribunal-scotland.org.uk/decisions/LTS.VA.2009.01to61.html">https://www.lands-tribunal-scotland.org.uk/decisions/LTS.VA.2009.01to61.html</a> |
| Public note | View the decision free of charge at www.lands-tribunal-scotland.org.uk |
| 942 ## - ADDED ENTRY ELEMENTS (KOHA) | |
| Suppress in OPAC | 0 |
| Withdrawn status | Lost status | Source of classification or shelving scheme | Damaged status | Not for loan | Home library | Current library | Shelving location | Date acquired | Total Checkouts | Full call number | Barcode | Date last seen | Copy number | Price effective from | Koha item type |
|---|---|---|---|---|---|---|---|---|---|---|---|---|---|---|---|
| Dewey Decimal Classification | Virtual | Virtual | Online | 16/06/2010 | ONLINE PUBLICATION | 150245-2001 | 06/08/2019 | 1 | 06/08/2019 | Law report |